000 00488nam a22001937a 4500
003 IBSLLIB
005 20260514083104.0
008 260514b |||||||| |||| 00| 0 eng d
020 _a1576600025
040 _aIBSLLIB
_beng
041 _hEnglish
082 _a332.6
_bWIN
100 _aWindas , Tom
245 _aAn Introduction To Option - Adjusted Spread Analysis
260 _aUAS :
_bBloomberg Press ,
_c1993
300 _a174 P ;
_c21 cm
653 _aAnalysis
942 _cLBK
999 _c22135
_d22135